| 000 | 01324cad a22002295a 4500 | ||
|---|---|---|---|
| 001 | L144226 | ||
| 008 | 080704s2008 xxkad f s 000 0 eng d | ||
| 035 | _a(Sirsi) u144226 | ||
| 041 | 0 | _aeng | |
| 050 | 0 | 4 | _a333.33 $2 18 |
| 110 | 2 |
_aAtisreal _95337 |
|
| 245 | 0 | 0 |
_aEurope quarterly _binvestment market quarter one 2008 _h[electronic resource] |
| 260 |
_a[S.l.] _bAtisreal _c2008 |
||
| 490 | 0 |
_aAtisreal Europe Quarterly Investment Market _vQuarter One 2008 |
|
| 520 | _aReports that the investment market has slowed down in the first quarter of 2008 in most of the eighteen cities monitored. Total investment volume stood at €12.9bn, representing a 38% fall on the previous quarter, to the lowest point since Q3 2005. Finds foreign investments in Central London rose from €1.2bn to €1.7bn, especially from German investors. The UK, Germany and France still account for the largest share of European investment, albeit at a record low market share of 74% in Q1 2008. Generally, office prime yields have risen. | ||
| 590 | _aKA | ||
| 650 | 2 | 4 | _aATISREAL EUROPE QUARTERLY INVESTMENT MARKET |
| 651 | 4 | _aEurope | |
| 690 | _aPROPERTY-COMMERCIAL PROPERTY-COMMERCIAL PROPERTY MARKET | ||
| 856 | 4 | 0 |
_uhttps://www.atisreal.com/ _zView this report free of charge under market research at www.atisreal.com... |
| 942 | _n0 | ||
| 999 |
_c108414 _d108414 |
||